Inheritance of some characters in the red pepper; Part II

में बचाया:
ग्रंथसूची विवरण
मुख्य लेखक: Huỳnh Thị Tuyết Nga
स्वरूप: पुस्तक
भाषा:Undetermined
प्रकाशित: Cần Thơ Viện Đại Học Cần Thơ - Trường Cao Đẳng Nông Nghiệp 1971
विषय:
टैग : टैग जोड़ें
कोई टैग नहीं, इस रिकॉर्ड को टैग करने वाले पहले व्यक्ति बनें!
Thư viện lưu trữ: Trung tâm Học liệu Trường Đại học Cần Thơ
LEADER 00608nam a2200181Ia 4500
001 CTU_33788
008 210402s9999 xx 000 0 und d
082 |a 633.84 
082 |b Ng100 
100 |a Huỳnh Thị Tuyết Nga 
245 0 |a Inheritance of some characters in the red pepper; Part II 
245 0 |c Huỳnh Thị Tuyết Nga 
260 |a Cần Thơ 
260 |b Viện Đại Học Cần Thơ - Trường Cao Đẳng Nông Nghiệp 
260 |c 1971 
650 |a field crop,red pepper 
904 |i Minh, 991110 
980 |a Trung tâm Học liệu Trường Đại học Cần Thơ